000 00373cam a22001097a 4500
008 180718b1953 xxu||||| |||| 00| 0 eng d
082 _aA45:BA27 SAUR/1952
245 _aReport on the working of the backward class department, 1951-52
_cby Saurashtra Government
260 _aJamnagar
_bGovernment of Saurashtra Press
_c1953
300 _a41p.
700 _aSaurashtra Government
999 _c503712
_d503712